000 01059nam a2200277 i 4500
001 180891
003 ES-MaACL
005 20250815030717.0
008 120813s2011 sp ad |||| | spa d
020 _a978-84-9940-211-6
080 _a323.2(460)"1975/82"
080 _a94(460)"1975/82"
245 0 3 _aLa sociedad española en la Transición
_b: los movimientos sociales en el proceso democratizador /
_cRafael Quirosa-Cheyrouze y Muñoz (ed.).
260 _aMadrid :
_bBiblioteca Nueva,
_c[2011]
300 _a429 p. :
_bil., gráf. ;
_c24 cm.
490 1 _aColección historia. Biblioteca Nueva
500 _aÍndice onomástico.
504 _aBibliografía: p. 411-418.
650 7 _aMovimientos sociales-
_zEspaña.
_9151285
651 7 _aEspaña-
_xHistoria-
_y1975-1982, Transición.
_9149272
700 1 _aQuirosa-Cheyrouze y Muñoz, Rafael.
_9138800
830 0 0 _aColección historia Biblioteca Nueva
_9180428
852 _aES-MaACL
_jA-12170
_9187770
_bR.148341
_cDEPO1
_dOlim: N-5175
942 _2udc
_cMONOGRAFIA
999 _c180891
_d180891